| Tag |
First Indicator |
Second Indicator |
Subfields |
| LEADER |
00000cam a2200000 a 4500 |
| 001 |
in00000075532 |
| 005 |
20151008053635.0 |
| 008 |
800924m19779999ht b 00010 frem |
| 010 |
|
|
|a 79112298
|
| 035 |
|
|
|a (OCoLC)06814199
|
| 035 |
|
|
|9 AAH8126AM
|
| 040 |
|
|
|a DLC
|c DLC
|d TXA
|d UtOrBLW
|
| 043 |
|
|
|a nwht---
|
| 049 |
|
|
|a TXAM
|v 1 [1195728]
|
| 050 |
0 |
0 |
|a P92.H2
|b P3
|
| 082 |
0 |
|
|a 302.2/3
|2 19
|
| 100 |
1 |
|
|a Paul, Edouard C.
|
| 245 |
1 |
3 |
|a La problematique haitienne et l'intervention des mass media /
|c Edouard C. Paul ; preface de Gerson Alexis.
|
| 264 |
|
1 |
|a Port-au-Prince, Haiti :
|b Ateliers Fardin,
|c 1977-
|
| 300 |
|
|
|a volumes ;
|c 21 cm.
|
| 336 |
|
|
|a text
|b txt
|2 rdacontent
|
| 337 |
|
|
|a unmediated
|b n
|2 rdamedia
|
| 338 |
|
|
|a volume
|b nc
|2 rdacarrier
|
| 504 |
|
|
|a Includes bibliographical references.
|
| 505 |
0 |
|
|a v. 1. Considerations generales.
|
| 650 |
|
0 |
|a Communication
|z Haiti.
|
| 999 |
|
|
|a MARS
|
| 999 |
f |
f |
|s d457031f-aae5-30e2-8a43-84b9c05686f0
|i 5e4b2be7-07b8-3bc1-b863-ce0fcd9ee534
|t 0
|
| 952 |
f |
f |
|p ric
|a Texas A&M University
|b Rellis Campus
|c Joint Library Facility
|d Remote Storage
|t 0
|e P92.H2 P3
|h Library of Congress classification
|i unmediated -- volume
|k v.1
|m A14806171848
|
| 998 |
f |
f |
|a P92.H2 P3
|s v.1
|t 0
|l Remote Storage
|